The complete idiot's guide to drawing manga, illustrated / (Record no. 27287)

000 -LEADER
fixed length control field 01465cam a22003497a 4500
001 - CONTROL NUMBER
control field 13840371
003 - CONTROL NUMBER IDENTIFIER
control field OSt
005 - DATE AND TIME OF LATEST TRANSACTION
control field 20170208091502.0
008 - FIXED-LENGTH DATA ELEMENTS--GENERAL INFORMATION
fixed length control field 050112s2005 inua b 001 0 eng d
010 ## - LIBRARY OF CONGRESS CONTROL NUMBER
LC control number 2005920505
020 ## - INTERNATIONAL STANDARD BOOK NUMBER
International Standard Book Number 1592573355
020 ## - INTERNATIONAL STANDARD BOOK NUMBER
International Standard Book Number 9781592573356
035 ## - SYSTEM CONTROL NUMBER
System control number (OCoLC)ocm60353459
040 ## - CATALOGING SOURCE
Original cataloging agency ORX
Transcribing agency ORX
Modifying agency IBI
-- DLC
042 ## - AUTHENTICATION CODE
Authentication code lccopycat
050 00 - LIBRARY OF CONGRESS CALL NUMBER
Classification number NC1764
Item number .L29 2005
082 04 - DEWEY DECIMAL CLASSIFICATION NUMBER
Classification number 741.5
Edition number 22
100 1# - MAIN ENTRY--PERSONAL NAME
Personal name Layman, John,
Dates associated with a name 1967-
245 14 - TITLE STATEMENT
Title The complete idiot's guide to drawing manga, illustrated /
Statement of responsibility, etc. by John Layman and David Hutchison.
246 30 - VARYING FORM OF TITLE
Title proper/short title Drawing manga, illustrated
260 ## - PUBLICATION, DISTRIBUTION, ETC. (IMPRINT)
Place of publication, distribution, etc. Indianapolis, IN :
Name of publisher, distributor, etc. Alpha,
Date of publication, distribution, etc. c2005.
300 ## - PHYSICAL DESCRIPTION
Extent xvi, 329 p. :
Other physical details ill. (some col.) ;
Dimensions 26 cm.
504 ## - BIBLIOGRAPHY, ETC. NOTE
Bibliography, etc Includes bibliographical references and index.
650 #0 - SUBJECT ADDED ENTRY--TOPICAL TERM
Topical term or geographic name as entry element Comic books, strips, etc.
General subdivision Technique.
650 #0 - SUBJECT ADDED ENTRY--TOPICAL TERM
Topical term or geographic name as entry element Figure drawing
General subdivision Technique.
650 #0 - SUBJECT ADDED ENTRY--TOPICAL TERM
Topical term or geographic name as entry element Drawing
General subdivision Technique.
700 1# - ADDED ENTRY--PERSONAL NAME
Personal name Hutchison, David,
Dates associated with a name 1974-
856 42 - ELECTRONIC LOCATION AND ACCESS
Materials specified Contributor biographical information
Uniform Resource Identifier <a href="http://www.loc.gov/catdir/enhancements/fy0720/2005920505-b.html">http://www.loc.gov/catdir/enhancements/fy0720/2005920505-b.html</a>
856 42 - ELECTRONIC LOCATION AND ACCESS
Materials specified Publisher description
Uniform Resource Identifier <a href="http://www.loc.gov/catdir/enhancements/fy0720/2005920505-d.html">http://www.loc.gov/catdir/enhancements/fy0720/2005920505-d.html</a>
906 ## - LOCAL DATA ELEMENT F, LDF (RLIN)
a 7
b cbc
c copycat
d 2
e ncip
f 20
g y-gencatlg
942 ## - ADDED ENTRY ELEMENTS (KOHA)
Source of classification or shelving scheme
Koha item type Hard Covered Materials
Classification part NC 1764 .L29 2005
Holdings
Withdrawn status Lost status Source of classification or shelving scheme Damaged status Not for loan Home library Current library Shelving location Date acquired Source of acquisition Total Checkouts Full call number Barcode Date last seen Price effective from Koha item type
          MACHAKOS UNIVERSITY LIBRARY MACHAKOS UNIVERSITY LIBRARY Technical section 08/02/2017 Donation (BFA)   NC 1764 .L29 2005 35001 07/08/2018 08/02/2017 Hard Covered Materials
© Machakos University Library, Along The Highway, Machakos Wote Rd, Machakos, Kenya P.O. Box 136 - 90100 Machakos - Kenya

Tel: ( +254 ) 723 805829 OR Fax : 044-20353 OR Email: library@mksu.ac.ke